000 01457nac a22003611i 4500
003 EG-ScBUE
005 20240924110832.0
008 101011s1996 enkabh f b 001 0 eng d
020 _a0415020638 (set)
020 _a0415124107 (v.1)
020 _a9780415124102 (v.1)
020 _a0415124115 (v.2)
020 _a9780415124119 (v.2)
020 _a0415124123 (v.3)
020 _a9780415124126 (v.3)
035 _a(OCoLC)ocm34731151
040 _aEG-ScBUE
_beng
_erda
_cEG-ScBUE
_dEG-ScBUE
082 0 4 _a509.174927
_bENC
_222
245 0 0 _aEncyclopedia of the history of Arabic science /
_cedited by Roshdi Rashed, in collaboration with Regis Morelon.
264 1 _aLondon ;
_aNew York :
_bRoutledge,
_c1996.
300 _a3 volumes :
_billustrations, maps, facsimils ;
_c24 cm
336 _2rdacontent
_atext
_btxt
337 _aunmediated
_2rdamedia
_bn
338 _avolume
_bnc
_2rdacarrier
504 _aIncludes bibliographical references and index.
505 0 _aVolume 1. Astronomy, theoretical and applied -- Volume 2. Mathematics and the physical sciences -- Volume 3. Technology, alchemy, and life sciences.
650 7 _aScience
_zArab countries
_xHistory
_vEncyclopedias.
_2BUEsh
_920298
655 _vReading book
700 1 _aRashed, Roshdi,
_eeditor.
_920295
700 1 _aMorelon, Regis,
_eeditor.
_920296
856 4 2 _3Publisher description
_uhttp://www.loc.gov/catdir/enhancements/fy0648/00362029-d.html
942 _cREFERENCE
_2ddc
999 _c8065
_d8065